000 00335pab a2200145 454500
008 180718b1985 xxu||||| |||| 00| 0 eng d
100 _aDang, Satyapal
245 _aSome aspects of Punjab Situation
260 _c1985
300 _a5-6
362 _a15 Jun.
650 _aPunjab - Politics
773 _aMainstream
909 _a16812
999 _c16812
_d16812